000 00755nam a2200181 i 4500
001 162990
003 ES-MaACL
005 20230906212637.0
008 050707m18391841fr a | |||||||| ||fre d
040 _aCAM
_bspa
_cCAM
100 1 _aRayer, P.
_9131627
245 1 0 _aTraité des maladies des reins et des altérationes de la sécrétions urinaire ... /
_cpar P. Rayer.
260 _aParis ;
_aLondres :
_bJ.-B. Baillière,
_c1839-1841 (
_fPaul Renouard)
300 _a3 v. (XVI, 630 p., [6] h. de lám.; 620 p.; 810 p.) ;
_c21 cm.
599 _aLas h. de lám.: "Moissenet delin.\pt\s, Oudet sculp.\pt\s"
650 4 _aAparato génito urinario-
_xEnfermedades.
_9135583
852 _aES-MaACL
_jG-15244-15246
_z-- Enc. hol.
_z-- Ex-libris de Mateo Seoane
999 _c162990
_d162990